Moje zkušenosti v hudebně výchovné práci na mateřské škole /

Hlavní autor: Křížová, Marie, učitelka
Jazyk: Čeština
Vydáno: Znojmo : [s.n.], 1958
Edice: Pedagogické čtení (s.n.)
Témata:
Fyzický popis: 16 s.
Knihy
Uloženo v:
LEADER 00744nam a2200205 a 4500
001 000586500
003 CZ BrMZK
005 20080221090645.0
008 010825s1958 xr f cze d
040 |a BOA001  |b cze  |c BOA001 
100 1 |a Křížová, Marie,  |c učitelka  |4 aut 
245 1 0 |a Moje zkušenosti v hudebně výchovné práci na mateřské škole /  |c Marie Křížová 
260 |a Znojmo :  |b [s.n.],  |c 1958 
300 |a 16 s. 
490 1 |a Pedagogické čtení (s.n.) ;  |v č. 36/1958 
830 0 |a Pedagogické čtení (s.n.) 
910 |a BOA001  |b PK-N-0008.619 
964 |a Výchova hudební - zkušenosti - školy mateřské 
990 |a BK 
996 6 |b 3119680088  |c PK-N-0008.619  |l MZK  |r Sklad / do 1 hodiny  |n 2  |w 000586500  |u 000010  |a 1  |e BOA001  |j MZK50  |s P